000 00695nam a22001937a 4500
999 _c9208
_d9208
003 AR-CdUCM
008 190327b ||||| |||| 00| 0 spa d
040 _aMUNICIPALIDAD PROVINCIAL DEL CUSCO
_cBIBLIOTECA MUNICIPAL DEL CUSCO
082 _a869.56038 /
_bR95
100 _aRumrrill, Roger
_99886
245 _aNarradores de la selva :
_bAntologĂ­a /
260 _aIquitos :
_bPopulares selva,
_c1966.
300 _a130 paginas ;
_c17 cm.
505 _aContenido :El collar del curaca -- Bajo el cielo de los chamas -- El animal sobre sus patas traseras -- Yara -- Gavicho ...
650 _aCuentos peruanos
_97
650 _aCuentos del siglo XX
_916335
942 _2ddc
_cLIBROS
945 _arum